TWICE - Paroles STRATEGY - Statistiques

Statistiques générales
  • Ce quiz a été pris 80 fois
  • Le résultat moyen est 357 sur 463
Statistiques - réponses
Hint Réponse % Correct
I
96%
a
93%
boy,
93%
boy
93%
boy)
93%
Intro | Refrain Hey,
93%
(hey,
93%
ya
93%
ya,
93%
ya)
93%
get
91%
go
91%
oh,
91%
("Oh,
91%
(ooh)
91%
Couplet 1 Ow!
91%
(ow!)
91%
you
91%
You
91%
I'm
89%
me
89%
me,
89%
my
89%
My
89%
on
89%
real
89%
(real
89%
Step
87%
and
85%
And
85%
be,
85%
be
85%
good
85%
good,
85%
strategy,
85%
strategy
85%
bet
83%
so
83%
three,
83%
two,
83%
"More,
80%
more,
80%
more"
80%
one,
80%
at
78%
four,
78%
"Hi"
78%
Hi
78%
say,
76%
that
76%
with
76%
your
76%
attention
74%
floor
74%
One
74%
the
74%
will
74%
Will
74%
Baby,
72%
baby
72%
do
72%
gonna
72%
once
72%
right?
72%
when
72%
Couplet 2 | Pré-chorus When
72%
highlight
70%
met
70%
moonlight
70%
to
70%
You'll
70%
you'll
70%
feeling
67%
glad
67%
I'ma
67%
look
67%
closer
65%
shine
65%
all
63%
got
63%
in
63%
Make
63%
radar,
63%
wanna
63%
bright
61%
leave
61%
little
61%
never
61%
No
61%
(no)
61%
over
61%
arrive
59%
is
59%
reason
59%
shy
59%
soon
59%
(yeah)
59%
yeah)
59%
come
57%
eyes
57%
tight
57%
bite,
54%
even
54%
know
54%
trademark,
54%
Winnin'
54%
you're
54%
You're
54%
down
52%
heart
52%
knees
52%
shadow
52%
what
52%
ain't
50%
looks
50%
plan
50%
silhouette
50%
way
50%
don't
48%
gravity,
48%
gravity
48%
Like
48%
move
48%
cute)
46%
body
43%
loose
43%
mine
43%
red
43%
begging
41%
can't
41%
dance,
41%
forget
41%
head
41%
up,
41%
cheeks
39%
cool")
39%
cruel)
39%
said
39%
(that's
39%
Calling
35%
confused
35%
(it's
35%
'Til
35%
(TWICE)
35%
getting
33%
Winning
33%
now,
28%
Watching
28%
things
20%
Aucun quiz correspondant
Distribution des résultats
% des personnes avec chaque résultat
Percentile par nombre de réponses
Votre historique - résultats
Vous n’avez pas pris ce quiz